LEADER 03026nam 22007214 450 001 9910967267503321 005 20251116204120.0 010 $a0-19-028625-3 010 $a0-19-773187-2 010 $a1-280-83490-0 010 $a0-19-534986-5 024 7 $a10.1093/oso/9780195140309.001.0001 035 $a(CKB)1000000000415372 035 $a(EBL)430766 035 $a(OCoLC)252665096 035 $a(SSID)ssj0000258641 035 $a(PQKBManifestationID)11215834 035 $a(PQKBTitleCode)TC0000258641 035 $a(PQKBWorkID)10274910 035 $a(PQKB)10788357 035 $a(Au-PeEL)EBL430766 035 $a(CaPaEBR)ebr10269129 035 $a(CaONFJC)MIL83490 035 $a(OCoLC)1406782497 035 $a(StDuBDS)9780197731871 035 $a(MiAaPQ)EBC430766 035 $a(OCoLC)43706629 035 $a(FINmELB)ELB165392 035 $a(EXLCZ)991000000000415372 100 $a20000320e20232001 uy 0 101 0 $aeng 135 $aur|n|---||||| 181 $ctxt 182 $cc 183 $acr 200 10$aThinking about sexual harassment $ea guide for the perplexed /$fMargaret A. Crouch 205 $a1st ed. 210 1$aOxford ; New York :$cOxford University Press,$d2023. 210 4$dİ2001. 215 $a1 online resource (324 p.) 225 1 $aOxford scholarship online 300 $aPreviously issued in print: 2000. 311 08$a0-19-514377-9 311 08$a0-19-514030-3 320 $aIncludes bibliographical references (pages 295-308) and index. 327 $aContents; 1 Introduction; PART I: THE HISTORY OF SEXUAL HARASSMENT; 2 The Conception of Sexual Harassment; 3 The Legal Conception of Sexual Harassment; 4 Sexual Harassment and Empirical Research; PART II: THEORETICAL ISSUES; 5 Philosophical Conceptions of Sexual Harassment; 6 Legal Issues; 7 Conclusion; Notes; Bibliography; Index; A; B; C; D; E; F; G; H; I; J; K; L; M; N; O; P; Q; R; S; T; U; V; W 330 $aThis illuminating work on one of today's most provocative issues provides all the necessary information for careful, critical thinking about the concept of sexual harassment. Consisting mainly of two parts, it first traces the construction of the concept of sexual harassment from the original public uses of the term to its definitions in the law, in legal cases, and in empirical research. It then analyzes philosophical definitions of sexual harassment and a number of issues that have arisen in the law, including the reasonable woman standard and whether same-sex harassment should be considered 410 0$aOxford scholarship online. 606 $aSexual harassment 615 0$aSexual harassment. 676 $a305.3 676 $a306.7 676 $a306.7 700 $aCrouch$b Margaret A.$f1956-$01887530 801 0$bDLC 801 1$bDLC 801 2$bDLC 801 2$bStDuBDSZ 801 2$bStDuBDSZ 906 $aBOOK 912 $a9910967267503321 996 $aThinking about sexual harassment$94524536 997 $aUNINA